000 00767nam a22002057a 4500
999 _c21007
_d21007
003 AR-CdUCM
008 190724b ||||| |||| 00| 0 spa d
040 _aMUNICIPALIDAD PROVINCIAL DEL CUSCO
_cBIBLIOTECA MUNICIPAL DEL CUSCO
082 _aC / 796.1 /
_bG95
100 _aGutierrez Rojas, Herlinda
_929776
245 _aRescatando nuestros juegos tradicionales /
260 _aCusco :
_c2009.
300 _a42 páginas ;
_bilustraciones ;
_c21 cm.
505 _aContenido : A la pesca - pesca-- Juego de penales -- Juego al paso del rey -- La cometa -- Lobo estas -- Juego de bolas -- A los países -- Mata gente ...
650 _aJuegos
_916094
650 _aEducación didáctica
_943799
650 _aTradicones
_943800
942 _2ddc
_cLIBROS
945 _azta